书目信息 |
| 题名: |
当代中国的经济体制改革
|
|
| 作者: | 周太和 主编 | |
| 分册: | ||
| 出版信息: | 北京 中国社会科学出版社 1984 |
|
| 页数: | 825页 | |
| 开本: | 21cm | |
| 丛书名: | 当代中国丛书 | |
| 单 册: | ||
| 中图分类: | F121 , F12 | |
| 科图分类: | ||
| 主题词: | 经济体制改革--中国 | |
| 电子资源: | ||
| ISBN: | ||
| 000 | 00696nam2 2200253 45 | |
| 001 | 1536930193 | |
| 005 | 20150128101338.06 | |
| 010 | @dCNY7.30 | |
| 091 | @aCN@b17190.033 | |
| 100 | @a19950705d1984 em y0chiy0121 ea | |
| 101 | 0 | @achi |
| 102 | @aCN@b110000 | |
| 105 | @afk z 000yy | |
| 200 | 10 | @a当代中国的经济体制改革@Adang dai zhong guo de jing ji ti zhi gai ge@f周太和主编 |
| 210 | @a北京@c中国社会科学出版社@d1984 | |
| 215 | @a825页@c图表@d21cm | |
| 225 | 2 | @a当代中国丛书 |
| 410 | 0 | @120010@a当代中国丛书 |
| 606 | @a经济体制改革@y中国 | |
| 690 | @aF121@v3 | |
| 690 | @aF12@v4 | |
| 701 | 0 | @a周太和@Azhou tai he@4主编 |
| 801 | 0 | @aCN@bTSSF@c20150128 |
| 905 | @aZUCC@dF12@eJY19 | |
| 当代中国的经济体制改革/周太和主编.-北京:中国社会科学出版社,1984 |
| 825页:图表;21cm.-(当代中国丛书) |
| ISBN :CNY7.30 |
| ● |
| 相关链接 |
|
|
|
|
正题名:当代中国的经济体制改革
索取号:F12/JY19
 
预约/预借
| 序号 | 登录号 | 条形码 | 馆藏地/架位号 | 状态 | 备注 |
| 1 | 7854711 | 278547119 | 学院路分馆/ [索取号:F12/JY19] | 在馆 |